Záhorskí baníci by radi ťažili viac, dopyt však klesá

Hospodárenie Bane Záhorie, a.s. Holíč v r. 2000. Na rozdiel od predchádzajúcich ziskových rokov, baňa skončila vlani so stratou. Prevádzková havária znamenala výpadok v ťažbe. Dlhy bane veriteľom. Hrozba konkurzu. Z histórie vzniku a vývoja spoločnosti. Pokles odbytu uhlia. Vývoj ťažby a hospodáreni...

Descripción completa

Guardado en:
Detalles Bibliográficos
Autor principal: Kremský, Peter
Formato: Capítulo de libro
Lenguaje:eslovaco
Materias:
Etiquetas: Agregar Etiqueta
Sin Etiquetas, Sea el primero en etiquetar este registro!

MARC

LEADER 00000naa a2200000 4500
001 r041345
005 20230921110945.3
041 0 |a slo 
044 |a SK 
245 1 0 |a Záhorskí baníci by radi ťažili viac, dopyt však klesá  |c Peter Kremský 
520 |a Hospodárenie Bane Záhorie, a.s. Holíč v r. 2000. Na rozdiel od predchádzajúcich ziskových rokov, baňa skončila vlani so stratou. Prevádzková havária znamenala výpadok v ťažbe. Dlhy bane veriteľom. Hrozba konkurzu. Z histórie vzniku a vývoja spoločnosti. Pokles odbytu uhlia. Vývoj ťažby a hospodárenie Bane Holíč. 
610 2 0 |a hospodárenie finančné 
610 2 0 |a hospodárenie podnikové 
610 2 0 |a strata 
610 2 0 |a dlhy 
610 2 0 |a uhlie 
610 2 0 |a ťažba surovín 
610 2 0 |a Baňa Záhorie, a.s. Holíč 
610 2 0 |a 2000 
100 1 |a Kremský, Peter